| 000 | 004320000a22001690004500 | ||
|---|---|---|---|
| 003 | MACL | ||
| 005 | 20160101123642.0 | ||
| 008 | 160101b xxu||||| |||| 00| 0 eng d | ||
| 040 |
_aMACL _cMACL |
||
| 041 | _aEnglish | ||
| 082 | _a342.54/PYL | ||
| 100 |
_aPylef, M V _926261 |
||
| 245 | _aConstitutional Government in India | ||
| 260 |
_bAsia Publishing House _aBombay _c1960 |
||
| 650 |
_aLaw _926262 |
||
| 942 |
_cBK _k342.54/Pyl _2ddc |
||
| 999 |
_c36685 _d36685 |
||